| 000 | 01280cam a22003857a 4500 | ||
|---|---|---|---|
| 001 | 000000340 | ||
| 003 | CHAP | ||
| 005 | 20220329132924.0 | ||
| 008 | 971013s1989 r 00010 d | ||
| 010 | _a291 | ||
| 011 | _a1263 | ||
| 035 | _a439 | ||
| 040 | _cCHAP | ||
| 082 |
_a634.77209726 _bM3 |
||
| 100 | 0 | 0 |
_aMadrigal Nieves, José Luis. _969734 |
| 245 | 0 | _aAlternativas de solución para el control, explotación y comercialización óptima del cultivo de plátano en el estado de Tabasco. | |
| 260 |
_aVillahermosa, Tab. : _bUniversidad Juárez Autónoma de Tabasco, _c1989. |
||
| 300 |
_a69 p. : _b: ilus. |
||
| 490 | _aSerie científica | ||
| 590 |
_aBATCH-UPD _b10 _c20130110 _lUCH01 _h1724 |
||
| 590 |
_aBATCH-UPD _b10 _c20130410 _lUCH01 _h1107 |
||
| 590 |
_aBATCH-UPD _b10 _c20130914 _lUCH01 _h1922 |
||
| 590 |
_aCONVERSION _b10 _c20130109 _lUCH01 _h1302 |
||
| 590 |
_aE11695DGD _b10 _c20160209 _lUCH01 _h0859 |
||
| 590 |
_aE11695DGD _b10 _c20160209 _lUCH01 _h0859 |
||
| 650 | 1 | 4 |
_aPlátano _xMercadeo. _989252 |
| 650 | 1 | 4 |
_aPlátano _xRendimiento. _989265 |
| 650 | 1 | 4 |
_aPlátano _xTabasco. _989270 |
| 700 | 0 |
_aPriego P., Jenner. _991595 |
|
| 700 | 0 |
_aVargas S., Georgina. _9118091 |
|
| 830 | 0 |
_aSerie científica _9104650 |
|
| 901 | _aBK | ||
| 942 | _cLIBRO | ||
| 942 | _n0 | ||
| 999 |
_c291 _d291 |
||